[Event "Wch U14 blitz"]
[Site "Batumi"]
[Date "2023.06.11"]
[Round "11"]
[White "Navoyan, Gagik"]
[Black "Giorgadze, Giorgi2222"]
[Result "1-0"]
[WhiteElo "1854"]
[BlackElo "1913"]
[PlyCount "100"]
[EventDate "2023.06.10"]
[EventType "swiss (blitz)"]
[EventRounds "11"]
[EventCountry "GEO"]
[SourceTitle "EXT 2024"]
[Source "ChessBase"]
[SourceDate "2023.10.10"]
[SourceVersion "1"]
[SourceVersionDate "2023.10.10"]
[SourceQuality "1"]
[WhiteTeam "Armenia"]
[BlackTeam "Georgia"]
[WhiteTeamCountry "ARM"]
[BlackTeamCountry "GEO"]

1. e4 e6 2. d3 d5 3. Nd2 c5 4. Ngf3 Nc6 5. g3 Nf6 6. Bg2 Be7 7. 0-0 0-0 8. Re1 b5 9. e5 Nd7 10. Qe2 a5 11. Nf1 c4 12. d4 b4 13. h4 a4 14. Bf4 Ba6 15. Qe3 Qb6 16. h5 b3 17. axb3 cxb3 18. cxb3 Qxb3 19. Qxb3 axb3 20. N1d2 Nb4 21. Rec1 Nc2 22. Ra4 Nb6 23. Rxa6 Rxa6 24. Nxb3 Nb4 25. Rc7 Bd8 26. Rb7 Ra8 27. Nc5 Nc6 28. Bd2 Nc4 29. Bc3 Ba5 30. b4 Bd8 31. b5 N6a5 32. Bxa5 Nb6 33. Bc3 Nc4 34. Ba5 Bxa5 35. Ng5 Rab8 36. Rd7 Rxb5 37. Bh3 h6 38. Nxf7 Bb4 39. Bxe6 Kh7 40. Bf5+ Kg8 41. Be6 Kh7 42. Bxd5 Nb6 43. Be4+ Kg8 44. Rb7 Rxf7 45. Bh7+ Kxh7 46. Rxf7 Bxc5 47. dxc5 Rxc5 48. f4 Nc4 49. Kg2 Rd5 50. Rc7 Nxe5 1-0

[Event "Wch U14 blitz"]
[Site "Batumi"]
[Date "2023.06.10"]
[Round "6"]
[White "Navoyan, Gagik"]
[Black "Bolat, Inayat"]
[Result "1-0"]
[WhiteElo "1854"]
[BlackElo "1859"]
[PlyCount "89"]
[EventDate "2023.06.10"]
[EventType "swiss (blitz)"]
[EventRounds "11"]
[EventCountry "GEO"]
[SourceTitle "EXT 2024"]
[Source "ChessBase"]
[SourceDate "2023.10.10"]
[SourceVersion "1"]
[SourceVersionDate "2023.10.10"]
[SourceQuality "1"]
[WhiteTeam "Armenia"]
[BlackTeam "Kazakhstan"]
[WhiteTeamCountry "ARM"]
[BlackTeamCountry "KAZ"]

1. e4 e5 2. Nf3 Nc6 3. d4 exd4 4. Bc4 Nf6 5. e5 Ne4 6. Qe2 Nc5 7. 0-0 Be7 8. Rd1 Ne6 9. c3 dxc3 10. Nxc3 0-0 11. Nd5 a6 12. b3 b5 13. Bd3 Bb7 14. Bb2 Nb4 15. Nxb4 Bxb4 16. Be4 Bxe4 17. Qxe4 Qe7 18. a3 Bc5 19. b4 Bb6 20. Qd5 Rfd8 21. Rac1 h6 22. Qe4 Rab8 23. g3 c5 24. Kg2 c4 25. Bc3 Rbc8 26. Nh4 Ng5 27. Qe2 Qe6 28. f4 Qc6+ 29. Nf3 Ne4 30. Bd4 Bxd4 31. Rxd4 d5 32. Qe3 a5 33. bxa5 Ra8 34. Nd2 Nc5 35. f5 Rxa5 36. Rh4 d4+ 37. Qf3 Qxf3+ 38. Nxf3 d3 39. Nd4 Rxa3 40. Nxb5 Ra2+ 41. Kf3 d2 42. Rd1 Rb2 43. Nd6 c3 44. Rc4 c2 45. Rxd2 1-0

[Event "Wch U14 rapid"]
[Site "Batumi"]
[Date "2023.06.08"]
[Round "9"]
[White "Navoyan, Gagik"]
[Black "Vetokhin, Savva"]
[Result "1/2-1/2"]
[WhiteElo "1763"]
[BlackElo "2309"]
[PlyCount "95"]
[EventDate "2023.06.06"]
[EventType "swiss (rapid)"]
[EventRounds "11"]
[EventCountry "GEO"]
[SourceTitle "EXT 2024"]
[Source "ChessBase"]
[SourceDate "2023.10.10"]
[SourceVersion "1"]
[SourceVersionDate "2023.10.10"]
[SourceQuality "1"]
[WhiteTeam "Armenia"]
[BlackTeam "FIDE"]
[WhiteTeamCountry "ARM"]

1. Nf3 Nf6 2. b3 e6 3. Bb2 d5 4. e3 Be7 5. Be2 c5 6. 0-0 0-0 7. d4 b6 8. c4 Bb7 9. Nc3 Nc6 10. dxc5 bxc5 11. cxd5 exd5 12. Rc1 Rc8 13. Na4 Ne4 14. Ba3 Nb4 15. Bxb4 cxb4 16. Bd3 Bc6 17. Bxe4 dxe4 18. Nd4 Bxa4 19. bxa4 Qd7 20. Nc6 Qe6 21. Qd5 Rc7 22. Qxe6 fxe6 23. Nxe7+ Rxe7 24. Rc4 a5 25. Rd1 Rf5 26. Rxe4 Rc5 27. Red4 Rc2 28. R4d2 Rec7 29. g3 Rxd2 30. Rxd2 Kf7 31. Rd6 Kf6 32. Ra6 Rc5 33. Ra7 h5 34. Kg2 g5 35. Ra6 Ke5 36. f4+ gxf4 37. gxf4+ Ke4 38. Rxe6+ Kd3 39. Kf3 Kc2 40. Re5 Rc4 41. Rxh5 Kb2 42. Rxa5 Kxa2 43. Rb5 b3 44. a5 b2 45. a6 b1Q 46. Rxb1 Kxb1 47. h4 Kc2 48. h5 1/2-1/2

[Event "Wch U14 rapid"]
[Site "Batumi"]
[Date "2023.06.06"]
[Round "3"]
[White "Averin, Nikolay"]
[Black "Navoyan, Gagik"]
[Result "1-0"]
[WhiteElo "2295"]
[BlackElo "1763"]
[PlyCount "58"]
[EventDate "2023.06.06"]
[EventType "swiss (rapid)"]
[EventRounds "11"]
[EventCountry "GEO"]
[SourceTitle "EXT 2024"]
[Source "ChessBase"]
[SourceDate "2023.10.10"]
[SourceVersion "1"]
[SourceVersionDate "2023.10.10"]
[SourceQuality "1"]
[WhiteTeam "FIDE"]
[BlackTeam "Armenia"]
[BlackTeamCountry "ARM"]

1. e4 e5 2. Nf3 Nc6 3. Bb5 a6 4. Ba4 Nf6 5. 0-0 Be7 6. Re1 b5 7. Bb3 0-0 8. h3 Bb7 9. c3 d5 10. exd5 Nxd5 11. d3 Bf6 12. Nbd2 Nf4 13. Ne4 Nxd3 14. Nxf6+ gxf6 15. Bh6 Nxe1 16. Qxe1 Na5 17. Bc2 e4 18. Rd1 Qe7 19. Bxf8 Rxf8 20. Nd4 Qe5 21. b3 c5 22. Ne2 Kh8 23. Qd2 Rg8 24. g3 Qe7 25. Qe3 f5 26. Nf4 Bc6 27. c4 Nb7 28. Qc3+ f6 29. Nh5 Rf8 1-0

[Event "Moscow Botvinnik Memorial Cup"]
[Site "Moscow"]
[Date "2022.08.18"]
[Round "1.1"]
[White "Navoyan, Gagik"]
[Black "Faizulaev, Akmal"]
[Result "0-1"]
[WhiteElo "1869"]
[BlackElo "2398"]
[PlyCount "70"]
[EventDate "2022.08.18"]
[EventType "team-tourn"]
[EventRounds "9"]
[EventCountry "RUS"]
[SourceTitle "CBM 209 Extra"]
[Source "ChessBase"]
[SourceDate "2022.09.30"]
[SourceVersion "1"]
[SourceVersionDate "2022.09.30"]
[SourceQuality "1"]
[WhiteTeam "Armenia"]
[BlackTeam "Uzbekistan"]
[WhiteTeamCountry "ARM"]
[BlackTeamCountry "UZB"]

1. d4 Nf6 2. Bf4 g6 3. Nf3 Bg7 4. e3 0-0 5. Bd3 d6 6. 0-0 b6 7. Nbd2 Bb7 8. h3 Nbd7 9. e4 Nh5 10. Bh2 e5 11. c3 Qe7 12. Re1 Bh6 13. Nf1 Nf4 14. Ne3 Nf6 15. dxe5 dxe5 16. Nd5 N4xd5 17. exd5 e4 18. c4 Rfe8 19. Bf1 Qc5 20. Ne5 Re7 21. a3 a5 22. b4 axb4 23. axb4 Qxb4 24. Rxa8+ Bxa8 25. Qa1 Re8 26. Nd3 exd3 27. Rxe8+ Nxe8 28. Qxa8 Qe1 29. Bxc7 d2 30. Bxb6 d1Q 31. Be3 Qxf1+ 32. Kh2 Qh1+ 33. Kg3 Qdg1 34. d6 Qhh2+ 35. Kh4 Qxf2+ 0-1

[Event "Orsha op-A 20th"]
[Site "Orsha"]
[Date "2022.02.05"]
[Round "6"]
[White "Siniauski, Artsiom"]
[Black "Navoyan, Gagik"]
[Result "1/2-1/2"]
[WhiteElo "2285"]
[BlackElo "1945"]
[PlyCount "89"]
[EventDate "2022.02.02"]
[EventType "swiss"]
[EventRounds "9"]
[EventCountry "BLR"]
[SourceTitle "EXT 2023"]
[Source "ChessBase"]
[SourceDate "2022.10.05"]
[SourceVersion "1"]
[SourceVersionDate "2022.10.05"]
[SourceQuality "1"]

1. e4 e5 2. Nf3 Nc6 3. Bb5 Nf6 4. d3 Bc5 5. c3 0-0 6. 0-0 d6 7. a4 a6 8. Bxc6 bxc6 9. b4 Ba7 10. Be3 Bg4 11. h3 Bh5 12. Nbd2 Bxe3 13. fxe3 d5 14. Qe2 Re8 15. exd5 Nxd5 16. Rac1 f5 17. Qf2 f4 18. Nc4 e4 19. Nd4 fxe3 20. Nxe3 Nxe3 21. Qxe3 exd3 22. Qd2 Bg6 23. Rf2 Qd5 24. Rcf1 c5 25. bxc5 Qxc5 26. Qf4 Qe5 27. Qg4 c5 28. Nf3 Qxc3 29. Nh4 Qd4 30. Nxg6 Qxg4 31. hxg4 hxg6 32. Rc1 Rac8 33. Rc4 Re1+ 34. Kh2 Rd8 35. Rd2 Re2 36. Rxe2 dxe2 37. Re4 Rd4 38. Rxe2 Rxg4 39. Re5 Rc4 40. a5 Ra4 41. Rxc5 Kh7 42. Kg3 Kh6 43. Kf3 g5 44. Rc6+ Kh5 45. Rxa6 1/2-1/2

[Event "Online Friendship U12"]
[Site "Tornelo INT"]
[Date "2020.11.21"]
[Round "7.1"]
[White "Navoyan, Gagik"]
[Black "Nemsadze, Daviti"]
[Result "0-1"]
[WhiteElo "1715"]
[BlackElo "1687"]
[PlyCount "80"]
[EventDate "2020.11.21"]
[EventType "team-swiss"]
[EventRounds "7"]
[EventCountry "BLR"]
[SourceTitle "CBM 199 Extra"]
[Source "ChessBase"]
[SourceDate "2021.01.31"]
[SourceVersion "1"]
[SourceVersionDate "2021.01.31"]
[SourceQuality "1"]
[WhiteTeam "Armenia"]
[BlackTeam "Georgia"]
[WhiteTeamCountry "ARM"]
[BlackTeamCountry "GEO"]

1. e4 c5 2. g3 d5 3. exd5 Qxd5 4. Nf3 Bg4 5. Bg2 Qe6+ 6. Kf1 Nc6 7. h3 Bxf3 8. Bxf3 Nf6 9. d3 Qd7 10. Kg2 e6 11. Nc3 Be7 12. Re1 0-0 13. Be3 Rad8 14. Qd2 Nd4 15. Bxd4 cxd4 16. Ne4 Nd5 17. a3 f5 18. Ng5 Ne3+ 19. fxe3 Bxg5 20. Qb4 Bxe3 21. c4 e5 22. Bd5+ Kh8 23. Rf1 Rf6 24. Rab1 b6 25. Qe1 Rdf8 26. Qe2 b5 27. b3 Qe7 28. a4 b4 29. Qf3 a5 30. g4 fxg4 31. Qxg4 Rg6 32. Rxf8+ Qxf8 33. Rf1 Rxg4+ 34. hxg4 Bf4 35. Be4 Qf6 36. Rh1 h6 37. Rh5 Bg5 38. Rh1 Qf4 39. Rf1 Qxg4+ 40. Kf2 Bh4# 0-1

[Event "Online Friendship U12"]
[Site "Tornelo INT"]
[Date "2020.11.21"]
[Round "2.1"]
[White "Navoyan, Gagik"]
[Black "Papaioannou, Dimitrios1111"]
[Result "0-1"]
[WhiteElo "1715"]
[BlackElo "1154"]
[PlyCount "70"]
[EventDate "2020.11.21"]
[EventType "team-swiss"]
[EventRounds "7"]
[EventCountry "BLR"]
[SourceTitle "CBM 199 Extra"]
[Source "ChessBase"]
[SourceDate "2021.01.31"]
[SourceVersion "1"]
[SourceVersionDate "2021.01.31"]
[SourceQuality "1"]
[WhiteTeam "Armenia"]
[BlackTeam "Greece"]
[WhiteTeamCountry "ARM"]
[BlackTeamCountry "GRE"]

1. e4 e5 2. Nf3 Nc6 3. Bb5 a6 4. Ba4 Nf6 5. 0-0 Nxe4 6. Re1 Nc5 7. Bxc6 dxc6 8. Nxe5 Be7 9. d4 Ne6 10. c3 0-0 11. Nd2 c5 12. Ndf3 cxd4 13. cxd4 c6 14. Be3 Ng5 15. Nxg5 Bxg5 16. Qb3 Bxe3 17. fxe3 Qe7 18. Rac1 Be6 19. Qc2 Rad8 20. a3 f6 21. Nf3 Kh8 22. h3 Bf7 23. e4 Bh5 24. Qf2 Bxf3 25. gxf3 Qd7 26. Rcd1 Qxh3 27. Qg2 Qh4 28. Qf2 Qf4 29. Kg2 Rd6 30. Rd3 f5 31. e5 Rg6+ 32. Kf1 Rh6 33. Qg2 Rh2 34. Qg1 Qh4 35. f4 Qxf4+ 0-1

[Event "Online Friendship U12"]
[Site "Tornelo INT"]
[Date "2020.11.21"]
[Round "1.1"]
[White "Navoyan, Gagik"]
[Black "Wesolowski, Jeremi"]
[Result "1-0"]
[WhiteElo "1715"]
[BlackElo "1255"]
[PlyCount "95"]
[EventDate "2020.11.21"]
[EventType "team-swiss"]
[EventRounds "7"]
[EventCountry "BLR"]
[SourceTitle "CBM 199 Extra"]
[Source "ChessBase"]
[SourceDate "2021.01.31"]
[SourceVersion "1"]
[SourceVersionDate "2021.01.31"]
[SourceQuality "1"]
[WhiteTeam "Armenia"]
[BlackTeam "Katowice Hetman Szopienice"]
[WhiteTeamCountry "ARM"]
[BlackTeamCountry "POL"]

1. e4 c5 2. g3 e6 3. Bg2 Nc6 4. Ne2 Be7 5. c3 d5 6. exd5 exd5 7. d4 Nf6 8. 0-0 0-0 9. Bg5 c4 10. Nd2 Bf5 11. Nf4 Ne4 12. Bxe7 Nxe7 13. Re1 Nf6 14. Nf1 Ng6 15. Nxg6 fxg6 16. Re5 Re8 17. Ne3 Be4 18. Bxe4 Rxe5 19. dxe5 Nxe4 20. Qxd5+ Qxd5 21. Nxd5 Rd8 22. Ne3 Rd2 23. Nxc4 Re2 24. Rf1 b5 25. Ne3 Rxb2 26. Nd5 Rxa2 27. e6 Rd2 28. Nc7 Kf8 29. Re1 Nd6 30. e7+ Kf7 31. e8Q+ Nxe8 32. Rxe8 Rd7 33. Rc8 Ke7 34. Nxb5 Rb7 35. Nd4 Kf6 36. f4 Kf7 37. Kf2 Rb2+ 38. Kf3 a5 39. Rc7+ Kf6 40. g4 g5 41. Rc6+ Kf7 42. fxg5 Rxh2 43. Ra6 Rh3+ 44. Kf4 Rxc3 45. Ra7+ Kg6 46. Ne6 Rc4+ 47. Ke5 Rc8 48. Rxg7# 1-0

[Event "Online Friendship U12"]
[Site "Tornelo INT"]
[Date "2020.11.21"]
[Round "3.1"]
[White "Samunenkov, Igor"]
[Black "Navoyan, Gagik"]
[Result "1-0"]
[WhiteElo "2122"]
[BlackElo "1715"]
[PlyCount "145"]
[EventDate "2020.11.21"]
[EventType "team-swiss"]
[EventRounds "7"]
[EventCountry "BLR"]
[SourceTitle "CBM 199 Extra"]
[Source "ChessBase"]
[SourceDate "2021.01.31"]
[SourceVersion "1"]
[SourceVersionDate "2021.01.31"]
[SourceQuality "1"]
[WhiteTeam "Ukraine"]
[BlackTeam "Armenia"]
[WhiteTeamCountry "UKR"]
[BlackTeamCountry "ARM"]

1. e4 e5 2. Nf3 Nc6 3. Bb5 a6 4. Ba4 Nf6 5. 0-0 Be7 6. Re1 b5 7. Bb3 0-0 8. a4 b4 9. d4 d6 10. dxe5 Nxe5 11. Nxe5 dxe5 12. Qe2 Bc5 13. Be3 Qe7 14. Nd2 Bxe3 15. Qxe3 Kh8 16. a5 Be6 17. Bxe6 Qxe6 18. Qc5 Nh5 19. Qxb4 Nf4 20. Qb3 Qh6 21. Nc4 Rae8 22. Rad1 Re6 23. Qf3 Qg5 24. Ne3 Rg6 25. Kh1 Rf6 26. Qg4 Qh6 27. Nf5 Qg6 28. Qxg6 fxg6 29. Ne3 h5 30. f3 h4 31. h3 Nxh3 32. gxh3 Rxf3 33. Rd2 R8f4 34. Ng2 Rxh3+ 35. Kg1 Rg4 36. Ree2 Rf3 37. Kh2 Kh7 38. Rf2 Rfg3 39. Nxh4 Re3 40. Ng2 Rexe4 41. Rde2 Rb4 42. b3 Rb5 43. Ne3 Rf4 44. Nc4 Rh4+ 45. Kg3 Rh5 46. Rh2 e4 47. Rxh5+ gxh5 48. Rxe4 Rg5+ 49. Kh4 Kh6 50. Re6+ g6 51. Kh3 Kg7 52. Re7+ Kf6 53. Rxc7 Rf5 54. Rc6+ Kg5 55. Rxa6 Rf2 56. Rd6 Rxc2 57. Rd3 Kf4 58. Rd4+ Kf5 59. a6 Ra2 60. Rd6 g5 61. b4 Kf4 62. Rf6+ Ke4 63. b5 Kd5 64. Ne3+ Ke4 65. Ng2 Ke5 66. Rf7 Ra3+ 67. Kh2 h4 68. Rg7 Kf6 69. Rg8 Ra5 70. b6 Rxa6 71. b7 Rb6 72. b8Q Rxb8 73. Rxb8 1-0

[Event "Elitzur Int Online"]
[Site "Chess.com INT"]
[Date "2020.11.01"]
[Round "9"]
[White "Navoyan, Gagik"]
[Black "Goroshkov, Maksym"]
[Result "1-0"]
[WhiteElo "1919"]
[BlackElo "1986"]
[PlyCount "53"]
[EventDate "2020.11.01"]
[EventType "swiss (blitz)"]
[EventRounds "11"]
[EventCountry "ISR"]
[SourceTitle "CBM 199 Extra"]
[Source "ChessBase"]
[SourceDate "2021.01.31"]
[SourceVersion "1"]
[SourceVersionDate "2021.01.31"]
[SourceQuality "1"]

1. e4 e5 2. Nf3 Nc6 3. Bb5 a6 4. Ba4 Nf6 5. 0-0 Be7 6. Re1 b5 7. Bb3 0-0 8. h3 d6 9. c3 Na5 10. Bc2 c5 11. d4 Nc6 12. d5 Nb8 13. a4 Bb7 14. Nbd2 Nbd7 15. a5 Ne8 16. b3 g6 17. Nf1 Ng7 18. Ng3 f5 19. exf5 gxf5 20. Bh6 e4 21. Nxe4 fxe4 22. Rxe4 Nf6 23. Qd3 Bxd5 24. Rg4 Nxg4 25. Qxh7+ Kf7 26. Qg6+ Kg8 27. Qxg7# 1-0

[Event "EU-ch U10"]
[Site "Bratislava"]
[Date "2019.08.07"]
[Round "6"]
[White "Navoyan, Gagik"]
[Black "Zverev, Lev"]
[Result "1/2-1/2"]
[WhiteElo "1716"]
[BlackElo "1881"]
[PlyCount "134"]
[EventDate "2019.08.02"]
[EventType "swiss"]
[EventRounds "9"]
[EventCountry "SVK"]
[SourceTitle "EXT 2020"]
[Source "ChessBase"]
[SourceDate "2019.10.17"]
[SourceVersion "1"]
[SourceVersionDate "2019.10.17"]
[SourceQuality "1"]

1. d4 d5 2. c4 e6 3. Nf3 c6 4. Qc2 Nf6 5. g3 Be7 6. Bg2 0-0 7. 0-0 b6 8. Nbd2 Bb7 9. e4 Na6 10. a3 c5 11. exd5 exd5 12. Rd1 Qc8 13. b3 Nc7 14. Bb2 Ne6 15. Rac1 cxd4 16. Nxd4 Nxd4 17. Bxd4 Bxa3 18. Rb1 Be7 19. Re1 Qc7 20. Be5 Qd7 21. Rbd1 Qc8 22. Ba1 Re8 23. Bxf6 gxf6 24. h4 Qc7 25. Qf5 Bc5 26. cxd5 Rxe1+ 27. Rxe1 Qxg3 28. Ne4 Qg7 29. Nxf6+ Kh8 30. Nh5 Qc3 31. Re5 Qc1+ 32. Kh2 Qh6 33. Re4 Bd6+ 34. f4 Rf8 35. Qf6+ Qxf6 36. Nxf6 Rd8 37. Kg3 Kg7 38. Re8 Bc7 39. Rxd8 Bxd8 40. Ne8+ Kf8 41. Nd6 Ba6 42. Be4 h6 43. Nf5 h5 44. Nd4 Bb7 45. Nc6 Bxc6 46. dxc6 Kg7 47. Bf3 Kg6 48. Be2 a5 49. Bd3+ Kf6 50. Be2 Kg6 51. f5+ Kxf5 52. Bxh5 Ke6 53. Kg4 b5 54. Kf4 Bc7+ 55. Ke4 f5+ 56. Kd4 Bb6+ 57. Kc3 Bd8 58. Bg6 Bxh4 59. Bxf5+ Kd6 60. Bd7 Bf6+ 61. Kc2 Be5 62. Be8 Kc5 63. Kb1 Bc7 64. Kc2 Kb4 65. Kb2 Bd6 66. Ka2 Be5 67. Bd7 Bd6 1/2-1/2